| 000 | 01149nam a22002895a 4500 | ||
|---|---|---|---|
| 005 | 20160727154346.0 | ||
| 008 | 150622s2015 enk fr 001 0 eng d | ||
| 020 | _a9781780766508 | ||
| 020 | _a9780857737557 | ||
| 040 |
_aEG-ScBUE _beng _cEG-ScBUE _dEG-ScBUE |
||
| 041 | 1 |
_aeng _hara |
|
| 043 | _ama----- | ||
| 082 | 0 | 4 |
_a297.272 _bJAB _222 |
| 100 | 1 |
_aJābirī, Muḥammad ʻĀbid. _938318 |
|
| 245 | 1 | 0 |
_aDemocracy, human rights and law in islamic thoughts / _cMohammed Abed al-jabri ; translation by Mohammed Bin Rashid Al Maktoum Foundation. |
| 260 |
_aLondon ; _aNew York : _bI.B. Tauris : _bIn Association with Centre for Arab Unity Studies, _c2015. |
||
| 300 |
_a258 p. ; _c27 cm. |
||
| 500 | _aIndex : p. 252-258. | ||
| 546 | _aText in English ; translated from original Arabic. | ||
| 650 | 0 |
_aHuman rights _zArab countries. _2BUEsh |
|
| 650 | 0 |
_aEquality _xReligious aspects _xIslam. _2BUEsh |
|
| 651 | _2BUEsh | ||
| 653 |
_bCOMAME _cJune2015 _cAugust2015 _bBUSBOL _cApril2016 |
||
| 650 | 0 |
_911824 _aDemocracy _zArab countries _2BUEsh |
|
| 710 | 2 |
_aMohammed Bin Rashid Al Maktoum Foundation, _etranslator. _938319 |
|
| 942 |
_2ddc _k297.272 JAB |
||
| 999 |
_c19818 _d19790 |
||